000 00452nam a2200133Ia 4500
008 100328s9999 xx 000 0 und d
082 _b40534
100 _aहळबे लक्ष्मण मोरेश्वर
245 _aरत्नप्रभा
260 _bमुंबई मराठी ग्रंथसंग्रहालय
630 _aरत्नप्रभा
730 _aरत्नप्रभा
942 _cBOOK
999 _c529244
_d529241